000 00287nam a22001337a 4500
008 181101b xxu||||| |||| 00| 0 eng d
020 _a9780803621640
041 _aeng
080 _23rd
_a610
100 _a4
101 _aSHM
245 _aNCLEX-RN
_cLagerquist,S.L
942 _2udc
_cBK
999 _c51397
_d51397